Carnivorous Theropod Dinosaurs - Statistics

General Stats
  • This quiz has been taken 184 times
  • The average score is 11 of 16
Answers on the Grid
Answers color-coded by a green-red scale on the quiz's grid according to % correct below.
Acrocanthosaurus
Allosaurus
Bambiraptor
Carcharodontosaurus
Carnotaurus
Ceratosaurus
Concavenator
Dilophosaurus
Dracovenator
Fukuisaurus
Giganotosaurus
Gigantspinosaurus
Gorgosaurus
Hadrosaurus
Heterodontosaurus
Koolasuchus
Majungasaurus
Mosasaurus
Parasaurolophus
Pteranodon
Quetzalcoatlus
Sarcosaurus
Smilodon
Stegosaurus
Stygimoloch
Styracosaurus
Therizinosaurus
Thylacoleo
Triceratops
Tyrannosaurus Rex
Velociraptor
Xenoceratops
 
Answer Stats
Answer % Correct
Allosaurus
95%
Carnotaurus
90%
Carcharodontosaurus
89%
Dilophosaurus
86%
Giganotosaurus
83%
Acrocanthosaurus
82%
Ceratosaurus
82%
Concavenator
79%
Velociraptor
69%
Majungasaurus
67%
Tyrannosaurus Rex
67%
Gorgosaurus
66%
Bambiraptor
59%
Dracovenator
58%
Sarcosaurus
22%
Heterodontosaurus
17%
No matching quizzes found
Score Distribution
Percent of People with Each Score
Percentile by Number Answered
Your Score History
You have not taken this quiz